| 000 | 00417nam a22001577a 4500 | ||
|---|---|---|---|
| 003 | OSt | ||
| 005 | 20221110184521.0 | ||
| 008 | 221006b |||||||| |||| 00| 0 eng d | ||
| 040 | _cBiblioteca Lado V | ||
| 082 |
_a750 _bR332r |
||
| 130 |
_aReflect/Shine _leng |
||
| 245 | _aReflect/Shine/ | ||
| 260 |
_bClare Street Campus _c2000 |
||
| 300 |
_c17x17cm _a275p. |
||
| 942 |
_2ddc _c1 _h750 _iR332r _n0 |
||
| 999 |
_c2570 _d2570 |
||